000 00600nam a22001937a 4500
005 20140922114647.0
010 _aENG-110898
020 _a9789351432463
_c180.00
035 _aEN-94430
037 _bDBAD/PUB
082 _a346.54048
100 _aRosedar S. R. A.
245 _aIntellectual property rights /
_cby Rosedar S. R. A.
260 _aGurgaon
_bLexis Nexis
_c2014
270 _a14th Floor, Building No.10, Tower-B, DLF Cyber City, Phase-II
_bGurgaon
_e122002
300 _aix,184p.
_c23cm(pbk)
490 _aQuick reference guide
942 _2ddc
_cEN
_mROS
_h346.54048
999 _c88740
_d88740